The wall of silence (Record no. 75111)
[ view plain ]
| 000 -LEADER | |
|---|---|
| fixed length control field | 01114cab a2200205 4500 |
| 001 - CONTROL NUMBER | |
| control field | L129448 |
| 008 - FIXED-LENGTH DATA ELEMENTS--GENERAL INFORMATION | |
| fixed length control field | 050420n2005 000 0 eng u |
| 035 ## - SYSTEM CONTROL NUMBER | |
| System control number | (Sirsi) u129448 |
| 041 ## - LANGUAGE CODE | |
| Language code of text/sound track or separate title | eng |
| 100 ## - MAIN ENTRY--PERSONAL NAME | |
| Personal name | Murdoch, Sandi |
| 245 #4 - TITLE STATEMENT | |
| Title | The wall of silence |
| 260 ## - PUBLICATION, DISTRIBUTION, ETC. | |
| Date of publication, distribution, etc. | 2005 |
| 490 ## - SERIES STATEMENT | |
| Series statement | Estates Gazette |
| Volume/sequential designation | (0515) 16 April 2005, 121(1) |
| 520 ## - SUMMARY, ETC. | |
| Summary, etc. | Discusses the issue raised in "South Tyneside BC v Wickes Building Supplies Ltd" ([2004] EWHC 2428 (Comm), unreported) where a witness summons was issued in order to gain details of a lease. Witness summons can compel a party to provide sensitive information but, in some cases, a confidentiality clause can be set aside. A confidentiality clause does not in itself render a transaction irrelevant as evidence in a rent review arbitration. |
| 590 ## - LOCAL NOTE (RLIN) | |
| Local note | IKA290405 |
| 650 ## - SUBJECT ADDED ENTRY--TOPICAL TERM | |
| Topical term or geographic name entry element | SOUTH TYNESDIE BC V WICKES BUILDING SUPPLIES LTD |
| 650 ## - SUBJECT ADDED ENTRY--TOPICAL TERM | |
| Topical term or geographic name entry element | CORNWALL COAST COUNTRY CLUB V CARDGRANGE LTD |
| 690 ## - LOCAL SUBJECT ADDED ENTRY--TOPICAL TERM (OCLC, RLIN) | |
| Topical term or geographic name as entry element | PROPERTY-COMMERCIAL PROPERTY-LEASEHOLD COMMERCIAL PROPERTY-COMMERCIAL LANDLORD AND TENANT-BUSINESS TENANCIES-RENT REVIEW (BUSINESS TENANCIES) |
| 942 ## - ADDED ENTRY ELEMENTS (KOHA) | |
| Suppress in OPAC | 0 |
| Withdrawn status | Lost status | Source of classification or shelving scheme | Damaged status | Not for loan | Home library | Current library | Shelving location | Date acquired | Total Checkouts | Full call number | Barcode | Date last seen | Copy number | Price effective from | Koha item type |
|---|---|---|---|---|---|---|---|---|---|---|---|---|---|---|---|
| Dewey Decimal Classification | London | London | Journal article | 20/04/2005 | L129448 | 129448-1001 | 06/08/2019 | 1 | 06/08/2019 | Journal article |